000 01101nam a22002297a 4500
005 20110329165129.0
008 110329t xxu||||| |||| 00| 0 mar d
010 _aMAR-20682
020 _a9789380361208
_c295.00
035 _aMR-13340
037 _bDBAD / PUB
040 _aDPL
_bMR
082 _a942.1
100 _aमहाजन,सुलक्षणा
_926818
245 _aलंडननामा /
_cसुलक्षणा महाजन
246 _aLondonNama
_bby Sulakshna Mahajan
260 _aपुणे
_bरोहन प्रकाशन
_c2010
270 _aधवलगिरी अपार्टमेन्ट्स शॉप 5 व 6 430,शनिवार पेठ पोलिस चौकीसमोर
_bपुणे
_e411030
300 _aअठ्ठावीस,244पृ
_c22 सेमी ( अजिल्द)
_bसचित्र
942 _2ddc
_cMR
_mमहाज
_h942.1
999 _c51587
_d51587